Taylor Swift - Paroles right where you left me - Statistiques

Statistiques générales
  • Ce quiz a été pris 212 fois
  • Le résultat moyen est 325 sur 407
Statistiques - réponses
Hint Réponse % Correct
I,
99%
I
99%
a
98%
me
98%
me,
98%
the
98%
you
98%
Refrain You
98%
where
97%
I'm
96%
left
96%
still
96%
Still
96%
right
95%
Right
95%
restaurant
94%
restaurant,
94%
at
93%
Pré-refrain At
93%
in
93%
corner
92%
to
92%
But
91%
but
91%
hear
90%
Pré-refrain Help,
90%
on
90%
ever
89%
haunt
88%
no,
88%
no
88%
sitting
88%
up,
88%
get
87%
break
85%
Couplet 1 Friends
85%
friends
85%
her
85%
married
85%
stay
85%
when
85%
and
84%
And
84%
for
84%
every
83%
who
83%
Strangers
82%
strangers
82%
could
80%
forever
80%
about
79%
choice
79%
Bridge Did
79%
girl
79%
here
79%
so
79%
there
79%
was
78%
hair
77%
one
77%
Some
77%
it
76%
got
75%
want
75%
Everybody
74%
everybody
74%
she
74%
They
74%
23
73%
fantasy
73%
moved
73%
my
73%
that
73%
told
73%
frozen?
72%
Glass
72%
She's
72%
born,
71%
inside
71%
say,
71%
met
70%
someone
70%
Time
70%
be
69%
sad
69%
stayed
69%
"What
69%
white
69%
buried
68%
light
68%
light,
68%
new
68%
oh,
68%
feel
67%
mascara
67%
shattered
67%
delusion?
66%
other
66%
collected
65%
Dust
65%
fly
65%
lives
65%
stop
65%
drop
64%
of
64%
'Cause
63%
cause
63%
know
63%
rumors
62%
won't
62%
each
61%
felt
61%
moment
61%
run
61%
burn
60%
sight"
60%
skies
60%
dim
59%
front
59%
out
59%
wife
59%
after
58%
just
58%
Kids
57%
you're
57%
find
56%
have
56%
pinned-up
56%
sure
56%
swear
56%
turn
56%
don't
55%
went
55%
supposed
54%
everything
53%
lose
53%
Pages
53%
Cross-legged
52%
day,
52%
hairpin
52%
How
52%
happen
51%
stick
51%
Christmas,
50%
cloth
49%
If
49%
if
49%
else,
48%
harm,
48%
Matches
48%
unaware
48%
Break-ups
47%
change,
46%
expected
46%
mind
46%
sat
46%
somewhere
46%
business
45%
perspective,
45%
young,
45%
through
44%
wrong
44%
love
43%
think
42%
can't
41%
it's
40%
learned
38%
lessons
37%
stared
37%
long
35%
been
34%
died
31%
earned
31%
our
31%
Trends
31%
Wages
30%
bear
27%
witness
27%
Aucun quiz correspondant
Distribution des résultats
% des personnes avec chaque résultat
Percentile par nombre de réponses
Votre historique - résultats
Vous n’avez pas pris ce quiz